Catálogo
 En Linea

Mencia, un sueño / (Registro nro. 39761)

Detalles MARC
000 -CABECERA
campo de control de longitud fija 00614nam a2200181 a 4500
001 - NÚMERO DE CONTROL
campo de control 000040271
005 - FECHA Y HORA DE LA ÚLTIMA TRANSACCIÓN
campo de control 20201002034026.0
008 - DATOS DE LONGITUD FIJA--INFORMACIÓN GENERAL
campo de control de longitud fija 130802s2004 mx 000 0 spa d
020 ## - NÚMERO INTERNACIONAL ESTÁNDAR DEL LIBRO
Número Internacional Estándar del Libro 9703204767
040 ## - FUENTE DE LA CATALOGACIÓN
Centro catalogador/agencia de origen DO-SdBNP
Lengua de catalogación spa
Centro/agencia transcriptor BNPHU
100 1# - ENTRADA PRINCIPAL--NOMBRE DE PERSONA
Nombre de persona Nervo, Amado
Fechas asociadas al nombre 1870-1919
9 (RLIN) 66544
245 10 - MENCIÓN DE TÍTULO
Título Mencia, un sueño /
Mención de responsabilidad, etc. Amado Nervo ; introduccion Claudia Cabeza de Vaca.
260 ## - PUBLICACIÓN, DISTRIBUCIÓN, ETC.
Lugar de publicación, distribución, etc. México :
Nombre del editor, distribuidor, etc. Universidad Nacional Autónoma de México,
Fecha de publicación, distribución, etc. 2004.
300 ## - DESCRIPCIÓN FÍSICA
Extensión 54 p. ;
Dimensiones 18 cm.
490 1# - MENCIÓN DE SERIE
Mención de serie Relato Licenciado Vidriera
Designación de volumen o secuencia 8
700 1# - PUNTO DE ACCESO ADICIONAL--NOMBRE DE PERSONA
Nombre de persona Cabeza de Vaca, Claudia,
9 (RLIN) 66545
830 #0 - PUNTO DE ACCESO ADICIONAL DE SERIE-TÍTULO UNIFORME
Título uniforme Relato Licenciado Vidriera
Designación de volumen o secuencia 8
9 (RLIN) 66234
Existencias
Estado de retiro Estado de pérdida Restricciones de uso No para préstamo Código de colección Localización permanente Ubicación/localización actual Ubicación en estantería Fecha de adquisición Número de inventario Total de préstamos Signatura topográfica completa Código de barras Fecha visto por última vez Precio válido a partir de Tipo de ítem Koha Número de copia
      Excluido de préstamo Monografías: Libros y Folletos General General En catalogación 21.08.2013 LF1   40271-10 25.06.2020 25.06.2020 No se presta  
      Excluido de préstamo Monografías: Libros y Folletos General General En catalogación 21.08.2013 LF1   40271-20 25.06.2020 25.06.2020 No se presta e. 3
      Excluido de préstamo Monografías: Libros y Folletos General General En catalogación 21.08.2013 LF1   40271-30 25.06.2020 25.06.2020 No se presta e. 2

Con tecnología Koha